Perspektívy zahraničnoobchodných vzťahov Slovenska s Ukrajinou ovplyvnené súčasnými zmenami obchodnej politiky EÚ voči Ukrajine dizertačná práca
Guardado en:
| Autor principal: | |
|---|---|
| Autor Corporativo: | |
| Otros Autores: | |
| Formato: | Libro |
| Lenguaje: | eslovaco |
| Publicado: |
Bratislava
2017
|
| Materias: | |
| Etiquetas: |
Sin Etiquetas, Sea el primero en etiquetar este registro!
|
MARC
| LEADER | 00000nbm a2200000 4500 | ||
|---|---|---|---|
| 001 | 0234299 | ||
| 005 | 20230302104103.9 | ||
| 041 | 0 | |a slo | |
| 044 | |a SK | ||
| 245 | 1 | 0 | |a Perspektívy zahraničnoobchodných vzťahov Slovenska s Ukrajinou ovplyvnené súčasnými zmenami obchodnej politiky EÚ voči Ukrajine |b dizertačná práca |c Dáša Bebiaková ; školiteľ: Elena Kašťáková |
| 264 | 1 | |a Bratislava |c 2017 | |
| 300 | |a 219 s. | ||
| 610 | 2 | 0 | |a vzťahy zahraničné |
| 610 | 2 | 0 | |a vzťahy obchodné |
| 610 | 2 | 0 | |a obchod zahraničný |
| 610 | 2 | 0 | |a politika obchodná |
| 610 | 2 | 0 | |a politika zahraničnoobchodná |
| 610 | 2 | 0 | |a obchod voľný |
| 610 | 2 | 0 | |a Slovensko |
| 610 | 2 | 0 | |a Ukrajina |
| 610 | 2 | 0 | |a Európska únia |
| 100 | 1 | |a Bebiaková, Dáša | |
| 700 | 1 | |a Kašťáková, Elena, 1974- | |
| 710 | 2 | |a Obchodná fakulta EU. Katedra medzinárodného obchodu | |